Teória a prax uzatvárania zmlúv o spotrebiteľskom úvere v nebankových spoločnostiach

Téma ochrany spotrebiteľa pri poskytovaní spotrebiteľských úverov nebankovým spôsobom rezonuje v spoločnosti už dlhší čas a rovnako dlho existuje aj potreba zvýšenej regulácie v tomto segmente, ktorú už dnes vykonáva Národná banka Slovenska. V krátkom časovom období od udelenia povolení nebankovým s...

Full description

Saved in:
Bibliographic Details
Main Author: Szabó, Zuzana
Format: Book Chapter
Language:Slovak
Subjects:
Tags: Add Tag
No Tags, Be the first to tag this record!

MARC

LEADER 00000naa a2200000 4500
001 0210928
005 20221019164507.5
041 0 |a slo 
044 |a SK 
245 1 0 |a Teória a prax uzatvárania zmlúv o spotrebiteľskom úvere v nebankových spoločnostiach  |c Zuzana Szabó 
520 |a Téma ochrany spotrebiteľa pri poskytovaní spotrebiteľských úverov nebankovým spôsobom rezonuje v spoločnosti už dlhší čas a rovnako dlho existuje aj potreba zvýšenej regulácie v tomto segmente, ktorú už dnes vykonáva Národná banka Slovenska. V krátkom časovom období od udelenia povolení nebankovým spoločnostiam začala vykonávať svoju právomoc a realizovať dohľad vo vybraných nebankových spoločnostiach, a to aj formou utajeného nákupu finančných služieb. Opis najzávažnejších pochybení, ktoré Národná banka Slovenska pri tejto forme výkonu dohľadu zistila. 
610 2 0 |a ochrana spotrebiteľa 
610 2 0 |a zmluvy úverové 
610 2 0 |a regulácia 
610 2 0 |a služby finančné 
610 2 0 |a úver spotrebiteľský 
100 1 |a Szabó, Zuzana